でんこの元ネタ車両形式 - Statistics

General Stats
  • This quiz has been taken 24 times
    23 since last reset
  • The average score is 47 of 142
Answer Stats
ヒント Answer % Correct
マコ 0
74%
いおり | いちほ | みそら | +3 others 1000
74%
シャルロッテ 200
74%
あきら | あすか | まぜ | +2 others 2000
74%
ナツミ 300
74%
くに | まりか | みずか | +2 others 5000
74%
みちる | むつみ 6000
74%
ゆかり 900
74%
しぐれ 9000
74%
みこと | ゆき | マオ 3000
68%
あい | ていら 7000
68%
いずな | なつめ 8000
68%
あずさ 22
58%
さや | ほこね | エリア 50000
58%
あけひ E6
53%
レン 25
47%
にこ 30000
47%
ひょうこ キハ40、キハ41、キハ47
47%
しゅか キハ40、キハ48
47%
うらら 60000
47%
ねも キハ20
42%
ナギサ | ミオ | ミナト 2100
42%
いろは | しいら 485
42%
こはな | しおり 521
42%
ありす 8600
42%
みつる DF200、77
42%
めぐる E235
42%
ゆのか | ノア E3
42%
みやび 1300
37%
おとめ キハ140、キハ47
37%
カノン 209
37%
ニナ 270
37%
マリン 283
37%
ルナ 581、583
37%
すばる 117
32%
ひまり 1700
32%
るる 26000
32%
なのか 350
32%
みろく 36
32%
みなも 370
32%
せとら キハ47
32%
こうめ | べにか キハ48
32%
ひめ | ギンカ 5200
32%
みづほ 87
32%
よしの E721
32%
さいか H5
32%
ましろ キハ110
26%
さとみ キハ200
26%
アサ 285
26%
ゆう 7500
26%
コタン D51
26%
きらら | れんげ キハ120
21%
ふぶ キハ261
21%
いよ キハ32
21%
つむぎ 381
21%
あたる 883
21%
おとは 885
21%
まふゆ キハE120
21%
やちよ HOT7000
21%
にころ M250
21%
ちどり | なな N700S
21%
まい 125
16%
らら 22000
16%
ミキ ミキ300
16%
たまき 323
16%
みえ キハ75
16%
コヨイ 813
16%
セリア 922
16%
そら AE
16%
ゆづる C57
16%
ヒメギ C61
16%
レーノ DD51
16%
メイ E657
16%
ミユ 2020
11%
りんご 253
11%
シズ 305
11%
やまと 413
11%
イムラ 789
11%
なる ASA-100、ASA-200
11%
みゆき C11
11%
ちとせ E001
11%
なほ E653
11%
つばさ L
11%
もみじ SK200、DE10
11%
みらい TX-2000
11%
わかな 19200
5%
ハル ナガラ300
5%
あまね キロ47
5%
ぼたん 6050
5%
もぼ モボ621
5%
せいらん 青い森703
5%
あさひ 713
5%
なより クモユニ74
5%
ると 8620
5%
ベアトリス コンビーノ、Combino
5%
ひいる E751
5%
せつか ET122
5%
リト F10
5%
ゆめの F1000
5%
ちづ HOT3500
5%
スピカ IGR7000
5%
くろがね SKR310
5%
にちな キハ125
0%
きっか キハ2500
0%
あゆ ハイモ330-700
0%
もえ モエ901
0%
あそ DB16、トラ700、TORA200
0%
レイカ E926
0%
メロ ED30
0%
らいか HU300
0%
ひびき KT-500
0%
ひな YR-2000
0%
ももな YR-880
0%
No matching quizzes found
Score Distribution
Percent of People with Each Score
Percentile by Number Answered
Your Score History
You have not taken this quiz since the last reset